Komplexní národohospodářské plánování
Enregistré dans:
| Format: | Livre |
|---|---|
| Langue: | tchèque |
| Publié: |
Praha
Svoboda
1976
|
| Sujets: | |
| Tags: |
Pas de tags, Soyez le premier à ajouter un tag!
|
MARC
| LEADER | 00000nam a2200000 4500 | ||
|---|---|---|---|
| 001 | c113910 | ||
| 005 | 20260319121209.9 | ||
| 041 | 0 | |a cze | |
| 044 | |a CZ | ||
| 245 | 1 | 0 | |a Komplexní národohospodářské plánování |c [Z rus. orig. přel. J. Kroiher a M. Kříž] |
| 264 | 1 | |a Praha |b Svoboda |c 1976 | |
| 300 | |a 231 s. | ||
| 610 | 2 | 0 | |a plánovanie hospodárske |